000 00273nam a2200097Ia 4500
008 220204s9999 xx 000 0 und d
082 _a338.45:31(035)
_bHAN
245 0 _aHandbook of statistics 1996
260 _aNew Delhi
_bConfederation of Indian Industry
_c1997
942 _cBK
999 _c41185
_d41185